000 01396nam0a2200301 i 4500
001 RU\NLR\bibl\1996747
005 20240921174747.0
010 _a9785967507496
_9100
021 _aRU
_b2013-3551
_9243
035 _a(NLR Aleph) 001985150
090 _a4146160
_c4146160
100 _a20130205d2012 u y0rusy50 ca
101 0 _arus
102 _aRU
105 _ay |||||||||
200 1 _aБезопасность жизнедеятельности в чрезвычайных ситуациях
_eучебное пособие
_fС.Н. Гущин, В.В. Рожнов, О.П. Виноходова
_gМ-во сел. хоз-ва Рос. Федерации, Рос. гос. аграр. ун-т - МСХА им. К.А. Тимирязева
210 _aМосква
_cРГАУ - МСХА
_d2012
215 _a211 с.
_d20
606 1 _aЧрезвычайные ситуации
_jУчебные издания
_xБезопасность жизнедеятельности
_92083092
_3RU\NLR\auth\661259141
686 _aЦ69,6(2Р)0я7-1
700 1 _aГущин
_bС. Н.
_gСергей Николаевич
_4070
701 1 _aРожнов
_bВ. В.
_gВалерий Владимирович
_4070
701 1 _aВиноходова
_bО. П.
_gОльга Павловна
_4070
801 0 _aRU
_bNLR
_c20130205
_gRCR
801 1 _aRU
_bNLR
_c20130205
942 _cBOOK
980 _aNBR